000 00789nam a2200217Ii 4500
003 JO-AjNU
008 230605s9999||||xx |||||||||||||| ||und||
017 _a2006/1/129
040 _aJO-AjNU
_bara
_erda
_cJO-AjNU
041 _aara
050 1 4 _aPJ7700.A74.S57 2006
100 3 _aجمعه وحققه وشكله وشرحه وقدم له ووضع فهارسه شريف علاونة,
_eauthor
_911234
245 0 0 _aشعر أرطأة بن سهية المري (من شعراء العصر الأموي): من تراثنا الشعري
250 _aط1
264 3 1 _aعمان:المؤلف،2006
300 _a167ص
336 _atext
_btxt
_2rdacontent
337 _aunmediated
_bn
_2rdamedia
338 _avolume
_bnc
_2rdacarrier
650 4 _a شعر أموي - تاريخ ونقد
_911235
999 _aA2217
_c5785
_d5785